Giáo trình phân tích thiết kế hệ thống (Sách dùng cho các trường đào tạo hệ trung học chuyên nghiệp)

Uloženo v:
Podrobná bibliografie
Hlavní autor: Tô, Văn Nam
Médium: Kniha
Jazyk:Undetermined
Vydáno: Hà Nội Giáo dục 2004
Témata:
Tagy: Přidat tag
Žádné tagy, Buďte první, kdo otaguje tento záznam!
Thư viện lưu trữ: Trung tâm Học liệu Trường Đại học Cần Thơ
LEADER 00675nam a2200217Ia 4500
001 CTU_64293
008 210402s9999 xx 000 0 und d
020 |b 12500 
020 |c 12500 
082 |a 005.74 
082 |b N104 
100 |a Tô, Văn Nam 
245 0 |a Giáo trình phân tích thiết kế hệ thống 
245 0 |b (Sách dùng cho các trường đào tạo hệ trung học chuyên nghiệp) 
245 0 |c Tô Văn Nam 
260 |a Hà Nội 
260 |b Giáo dục 
260 |c 2004 
650 |a Database design 
904 |i Mai Loan (Nguyênsửa) 
980 |a Trung tâm Học liệu Trường Đại học Cần Thơ